01695nam a2200301Ia 4500001001100000003000800011006001900019007001500038008004100053010001700094020001500111040002100126035002100147050002500168100003800193245035200231260005300583300002000636505024000656533015200896600003801048650005101086650003601137651004901173655002901222710001701251856012501268ebr5003589CaPaEBRm u cr cn|||||||||710430s2001 caub s 000 0aeng d z 79105499  z1589760360 aCaPaEBRcCaPaEBR a(OCoLC)17914800314aF1060.7b.M13 2001eb1 aMackenzie, Alexander,d1764-1820.14aThe journals of Alexander Mackenzieh[electronic resource] :bvoyages from Montreal, on the river St. Laurence, through the continent of North America, to the frozen and Pacific oceans, in the years 1789 and 1793 ; with a premliminary account of the rise, progress, and present state of the fur trade of that country /cby Sir Alexander Mackenzie. aSanta Barbara, Calif. :bNarrative Press,c2001. a418 p. :bmaps.00gPart 1.tGeneral history of the fur trade from Canada to the North-West --gPart 2.tJournal of a voyage from Fort Chipewyan to the Arctic Ocean in 1789 --gPart 3.tJournal of a voyage from Fort Chipewyan to the Pacific Ocean in 1793. aElectronic reproduction.bPalo Alto, Calif. :cebrary,d2011.nAvailable via World Wide Web.nAccess may be limited to ebrary affiliated libraries.10aMackenzie, Alexander,d1764-1820. 0aIndians of North AmericazNorthwest, Canadian. 0aFur tradezNorthwest, Canadian. 0aNorthwest, CanadianxDescription and travel. 7aElectronic books.2local2 aebrary, Inc.40uhttp://site.ebrary.com/lib/rucke/Doc?id=5003589zAn electronic book accessible through the World Wide Web; click to view